000
00310pab a2200145 454500
008
180718b2006 xxu||||| |||| 00| 0 eng d
100
_a
Kachhap, A.
245
_a
Barriers in mainstreaming
260
_c
2006
300
_a
p.63-6.
362
_a
Nov
650
_a
Tribes
773
_a
Yojana
909
_a
72564
999
_c
72564
_d
72564